Statystyki dla 9- Sztuka: część 2/4

Kliknij tutaj aby rozwiązać quiz!

Ogólne statystyki

  • Ten quiz został rozwiązany 8 razy
  • Średni wynik to 14 z 45

Statystyki odpowiedzi

HintOdpowiedź% Poprawnych
szybkifast
88%
biografiabiography
75%
koncertconcert
75%
fikcjafiction
75%
szczęśliwyhappy
75%
teatrtheatre
75%
tytułtitle
75%
akt (sztuki)act
63%
trudnyhard
63%
relaksującyrelaxing
63%
powolnyslow
63%
smutnysad
50%
przygodowyadventure
38%
fantastykafantasy
38%
literaturaliterature
38%
głośnyloud
38%
romansromance
38%
scenastage
38%
za kulisamibackstage
25%
ukłonbow
25%
obsadacast
25%
kostiumcostume
25%
interwałinterval
25%
tajemnicamystery
25%
Śpiewak operowyopera singer
25%
fabułaplot
25%
próbarehearsal
25%
fantastyka naukowascience fiction
25%
miękki/delikatnysoft
25%
oklaskiapplause
13%
uspokajającycalming
13%
dramat historycznyhistorical drama
13%
występować na żywoperform live
13%
ścieżka dźwiękowasoundtrack
13%
aktor drugoplanowyactor in a supporting role
0%
aktor w roli głównejactor in the lead role
0%
przesłuchanieaudition
0%
tylna pokrywaback cover
0%
kryminałdetective story
0%
przerażeniehorror
0%
listy przebojówmusic charts
0%
literatura faktunon fiction
0%
przedstawienieperformance
0%
opowiadanieshort story
0%
kryminałthriller
0%

Rozkład punktacji

Percentyl według liczby udzielonych odpowiedzi

Procent ludzi z każdym wynikiem

Twoja historia wyników

Nie rozwiązałeś tego quizu